Relación entre estilos parentales, intensidad psicopatológica y tipo de sintomatología en una muestra clínica adolescente (Record no. 182531)
[ view plain ]
| 000 -CABECERA | |
|---|---|
| campo de control de longitud fija | 01876nab a2200301 a 4500 |
| 005 - FECHA Y HORA DE LA ÚLTIMA TRANSACCIÓN | |
| campo de control | 20250523110512.0 |
| 008 - ELEMENTOS DE LONGITUD FIJA--INFORMACIÓN GENERAL | |
| campo de control de longitud fija | 991125c2016 sp tr p o 000 0 spa d |
| 035 ## - NÚMERO DE CONTROL DEL SISTEMA | |
| Número de control de sistema | UPN01000210430 |
| 040 ## - FUENTE DE LA CATALOGACIÓN | |
| Centro catalogador/agencia de origen | MX-MxUPN |
| Lengua de catalogación | spa |
| Centro/agencia transcriptor | MX-MxUPN |
| Normas de descripción | aacr2 |
| 049 ## - COLECCIÓN | |
| Colección | ART-E |
| 100 1# - ASIENTO PRINCIPAL--NOMBRE PERSONAL | |
| Nombre de persona | Antón San Martín, Jose Miguel |
| 100 1# - ASIENTO PRINCIPAL--NOMBRE PERSONAL | |
| Filiación | jma-sanmartin@telefonica.net |
| 100 1# - ASIENTO PRINCIPAL--NOMBRE PERSONAL | |
| Nombre de persona | Seguí Durán, David |
| 100 1# - ASIENTO PRINCIPAL--NOMBRE PERSONAL | |
| Nombre de persona | Antón Torre, Laura |
| 100 1# - ASIENTO PRINCIPAL--NOMBRE PERSONAL | |
| Nombre de persona | Barrera Palacios, Ana |
| 245 10 - MENCIÓN DE TÍTULO | |
| Título | Relación entre estilos parentales, intensidad psicopatológica y tipo de sintomatología en una muestra clínica adolescente |
| 506 0# - NOTA DE RESTRICCIONES AL ACCESO | |
| Limitaciones de acceso | Acceso abierto |
| 520 3# - NOTA DE RESUMEN, ETC. | |
| Sumario, etc. | Se realizó una investigación con el objetivo de analizar la relación entre los estilos parentales percibidos, la intensidad de la psicopatología presentada y las dimensiones sintomáticas internalizante - externalizante en una muestra clínica de adolescentes con edades com prendidas entre los 13 y los 18 años. Los resultados hallados indican que la intensidad psicopatológica está asociada con la edad, a mayor edad mayor intensidad, y con el género femenino. Solamente dos dimensiones del estilo parental percibido se hallaron relacionadas con la intensidad psicopatológica: el control psicológico de forma negativa y el humor, de forma positiva. Al contrario que en otros estudios consultados, la dimensión control psicológico apareció vinculada con sintomatología externalizante y no con la internalizante. |
| 650 #4 - ASIENTO SECUNDARIO DE MATERIA - TERMINO TEMATICO | |
| Término de materia o nombre geográfico como elemento de entrada | Adolescencia |
| 9 (RLIN) | 1008 |
| 650 #7 - ASIENTO SECUNDARIO DE MATERIA - TERMINO TEMATICO | |
| Término de materia o nombre geográfico como elemento de entrada | Psicopatología |
| 9 (RLIN) | 45619 |
| 650 #4 - ASIENTO SECUNDARIO DE MATERIA - TERMINO TEMATICO | |
| Término de materia o nombre geográfico como elemento de entrada | Género |
| 9 (RLIN) | 5712 |
| 653 0# - TERMINO DE INDIZACION - NO CONTROLADO | |
| Término no controlado | Estilos parentales |
| 773 ## - ENLACE AL DOCUMENTO FUENTE/ENTRADA DE REGISTRO ANFITRIÓN | |
| Parte(s) relacionada(s) | Vol. 32, no. 2 (2016), p. 417-423 |
| Título | Anales de psicología = Annals of psychology |
| Número Internacional Normalizado para Publicaciones Seriadas | 1695-2294 |
| 856 4# - LOCALIZACIÓN Y ACCESO ELECTRÓNICOS | |
| Identificador Uniforme del Recurso | <a href="https://revistas.um.es/analesps/article/view/analesps.32.2.205061">https://revistas.um.es/analesps/article/view/analesps.32.2.205061</a> |
| 902 ## - ELEMENTOS DE DATOS B LOCAL, LDB (RLIN) | |
| Creó | Gloria Jiménez/230525 |
| 905 ## - TIPO DE MATERIAL | |
| Tipo de material | Articulo |
| 942 ## - ELEMENTOS DE PUNTO DE ACCESO ADICIONAL (KOHA) | |
| Tipo de ítem Koha | Artículo Electrónico |
| Estado de retiro | Estado de pérdida | Estado dañado | No para préstamo | Código de colección | Localización permanente | Ubicación/localización actual | Ubicación en estantería | Fecha de adquisición | Total de préstamos | Fecha visto por última vez | Identificador Uniforme del Recurso | Precio válido a partir de | Tipo de ítem Koha |
|---|---|---|---|---|---|---|---|---|---|---|---|---|---|
| Acceso abierto | Bib. Gregorio Torres Quintero | Bib. Gregorio Torres Quintero | En línea | 23/05/2025 | 23/05/2025 | https://revistas.um.es/analesps/article/view/analesps.32.2.205061 | 23/05/2025 | Artículo Electrónico |
